000 01060nam a2200205 u 4500
001 000247554
003 AM-YeHGA
005 20250618071649.0
008 030716s1951 ai r 000 0 arm d
040 _aAM-YeHGA
245 0 0 _aԱրևին ընդառաջ :
_b[Բանաստեղծություններ] /
_cԿազմ.՝ Բ. Չալի, Ռ. Բալտաչեևա; Նկ.՝ Տ. Թոքմաջյան, Գ. Աղասյան; Խմբ. Խ. Հրաչյան.
260 _aԵրևան :
_bՀայպետհրատ,
_c1951.
300 _a170 էջ :
_bնկ. ;
_c21 սմ.
500 _aՍովետական եղբայրական հանրապետությունների մանկակական գրականության լավագույն նմուշներ
650 1 4 _aՍովետական գրականություն
_xՊոեզիա
700 1 _aՀրաչյան, Խաչիկ Թադևոսի,
_d1912-1989
_91925
700 1 _aԹոքմաջյան, Տիգրան Արմենակի,
_d1923-2004
_eնկ.
_4art
_91994
700 1 _aԱղասյան, Գրիգոր Խորենի,
_d1926-
_eնկ.
_4art
_92438
090 _c89748
999 _c88462
_d88462